000 01182nam a22002657a 4500
005 20170124102934.0
010 _aB-081074
020 _c750.00
_a8175241551
035 _aB-081074
037 _bCen Lib/Ret
040 _aDPL
_bHN
082 _a796.01
_bशर्मा
100 _aशर्मा, एन.पी.
_946037
245 _aशारीरिक शिक्षा के सिद्धांत और इतिहास /
_cएन.पी. शर्मा
246 _asharirik shiksha ke siddhant or itihas
_bby N.P.Sharma
260 _aनई दिल्ली
_bखेल साहित्य केंद्र
_c2003
270 _a4264/3, अंसारी रोड दरिया गंज
_bनई दिल्ली
_e110002
300 _a453पृष्ठ.
_c21सेमी (सजिल्द )
650 _aशारीरिक शिक्षा
_9239
650 _aशारीरिक शिक्षा का दर्शन
_946038
650 _aPhysical education
_922886
650 _aThe philosophy of physical education
_946039
700 _945979
942 _2ddc
_cHN
_h796.01
_mशर्मा
999 _c112133
_d112133